[Event "West Wales Major"]
[Site "Pontlliw"]
[Date "2025.11.15"]
[Round "3.1"]
[White "Tuson, Jon"]
[Black "Bevan, Peter M"]
[Result "1/2-1/2"]
[Annotator "Home"]
[WhiteElo "1782"]
[BlackElo "1891"]
[WhiteFideId "-1"]
[PlyCount "80"]
[GameId "2257184426484608"]
[EventDate "2025.11.14"]
[EventType "swiss"]
[EventRounds "5"]
[EventCountry "WLS"]

{[%evp 0,80,12,35,37,55,18,15,15,10,22,129,18,20,18,16,15,20,68,0,34,92,25,13,30,18,34,17,5,25,-5,107,-4,-53,-13,-8,-3,51,28,-13,-134,-20,3,-72,4,78,9,26,20,51,173,170,206,251,215,198,216,253,358,275,328,353,333,343,373,346,356,338,327,420,352,330,306,175,231,87,50,145,117,35,100,241,127]} 1. Nf3 d6 2. c4 e5 3. Nc3 Nf6 4. d3 g6 5. g3 Bg7 6. Bg2 c6 7. O-O O-O 8. Rb1 a5 9. Be3 Ng4 10. Bd2 Nd7 11. Qc2 Qc7 12. b4 axb4 13. Rxb4 Nc5 14. Rfb1 f5 15. h3 Nf6 16. e3 e4 17. Ne1 exd3 18. Nxd3 Nfe4 19. Nxc5 dxc5 20. Ra4 Rxa4 21. Nxa4 Nxd2 22. Qxd2 Rd8 23. Qe1 Qd6 24. Qa5 Bf8 25. Nxc5 Qd2 26. Nxb7 Bxb7 27. Qxd2 Rxd2 28. Rxb7 c5 29. Bd5+ Kh8 30. a4 Ra2 31. Ra7 Bd6 32. a5 Be5 33. a6 Bc3 34. Ra8+ Kg7 35. a7 Kh6 36. Rc8 Rxa7 37. Rxc5 Ra2 38. Kf1 Ra1+ 39. Ke2 Ra2+ 40. Kf1 Ra1+ 1/2-1/2

[Event "West Wales Major"]
[Site "Pontlliw"]
[Date "2025.11.15"]
[Round "3.3"]
[White "Anandkumar, Govind"]
[Black "Heatman, Jordan"]
[Result "0-1"]
[WhiteElo "1723"]
[BlackElo "1789"]
[WhiteFideId "-1"]
[BlackFideId "-1"]
[PlyCount "54"]
[GameId "2257188381180827"]
[EventDate "2025.11.14"]
[EventType "swiss"]
[EventRounds "5"]
[EventCountry "WLS"]

1. e4 c5 2. c3 e6 3. d4 d5 4. exd5 Qxd5 5. Nf3 Nf6 6. Na3 a6 7. Be3 Ng4 8. Nc4 Nxe3 9. Nxe3 Qd8 10. Bd3 cxd4 11. Nxd4 Bc5 12. Nf3 Nc6 13. Qe2 b5 14. O-O O-O 15. Rad1 Qe7 16. Nc2 Bb7 17. Rfe1 Rae8 18. Qe4 f5 19. Qe2 e5 20. Qd2 e4 21. Nfd4 Ne5 22. Bf1 f4 23. g3 fxg3 24. hxg3 Qf7 25. Ne3 Bxd4 26. Bg2 Bxe3 27. Rxe3 Ng4 0-1

[Event "West Wales Major"]
[Site "Pontlliw"]
[Date "2025.11.15"]
[Round "3.4"]
[White "Thomas, Kevin"]
[Black "Zheng, Lucas"]
[Result "0-1"]
[WhiteElo "1743"]
[BlackElo "1663"]
[WhiteFideId "-1"]
[BlackFideId "-1"]
[PlyCount "78"]
[GameId "2257189347120049"]
[EventDate "2025.11.14"]
[EventType "swiss"]
[EventRounds "5"]
[EventCountry "WLS"]

1. e4 c5 2. d4 cxd4 3. c3 dxc3 4. Nxc3 Nc6 5. Nf3 d6 6. Bc4 Nf6 7. e5 dxe5 8. Qxd8+ Nxd8 9. Nb5 Rb8 10. Nxe5 e6 11. Nc7+ Ke7 12. Nb5 a6 13. Nc3 Nd7 14. Bf4 Nxe5 15. Bxe5 Ra8 16. Rd1 f6 17. Bd6+ Kf7 18. Bc7 Nc6 19. O-O Bb4 20. Ne4 Re8 21. Bd6 Kg8 22. f4 Kh8 23. a3 Bxd6 24. Rxd6 e5 25. f5 Nd4 26. g4 Rb8 27. Rb6 h6 28. Kf2 Bd7 29. Nd6 Rf8 30. h4 Bc6 31. Re1 Nf3 32. Rh1 Nd2 33. Rh2 Nxc4 34. Nxc4 Rbd8 35. Rb4 Rd3 36. Ke2 Rfd8 37. g5 b5 38. Na5 Rd2+ 39. Ke1 Rd1+ 0-1

[Event "West Wales Major"]
[Site "Pontlliw"]
[Date "2025.11.15"]
[Round "3.5"]
[White "Griffiths, Hywel"]
[Black "Mitchell, Thomas"]
[Result "1-0"]
[WhiteElo "1787"]
[BlackElo "1850"]
[WhiteFideId "-1"]
[BlackFideId "-1"]
[PlyCount "57"]
[GameId "2257190400181178"]
[EventDate "2025.11.14"]
[EventType "swiss"]
[EventRounds "5"]
[EventCountry "WLS"]

1. e4 e6 2. d4 d5 3. Nd2 c5 4. c3 cxd4 5. cxd4 Bb4 6. Qa4+ Nc6 7. Bb5 Bd7 8. Bxc6 Bxd2+ 9. Bxd2 Bxc6 10. Qa3 dxe4 11. Bb4 Nf6 12. Qg3 a5 13. Ba3 b5 14. Bc5 Nh5 15. Qe5 Qd5 16. Qc7 Qd7 17. Qe5 Qd5 18. Qc7 Bd7 19. Ne2 a4 20. Nc3 Qg5 21. Qd6 Rc8 22. Nxe4 Qh4 23. O-O Rc6 24. Qb8+ Rc8 25. Qe5 f6 26. Nd6+ Kd8 27. Qe3 Rxc5 28. dxc5 Ke7 29. Nf5+ 1-0

[Event "West Wales Major"]
[Site "Pontlliw"]
[Date "2025.11.15"]
[Round "3.6"]
[White "Smith, Andrew R"]
[Black "Heady, Kevin"]
[Result "1/2-1/2"]
[WhiteElo "1777"]
[BlackElo "1756"]
[WhiteFideId "-1"]
[BlackFideId "-1"]
[PlyCount "30"]
[GameId "2257191540863960"]
[EventDate "2025.11.14"]
[EventType "swiss"]
[EventRounds "5"]
[EventCountry "WLS"]

1. e4 e5 2. Nf3 Nc6 3. Bc4 Bc5 4. c3 Nf6 5. d3 h6 6. O-O d6 7. h3 O-O 8. d4 Bb6 9. Re1 Qe8 10. d5 Ne7 11. Bb3 Ng6 12. Na3 a6 13. Bc2 Nh7 14. Nc4 Ba7 15. Be3 f5 1/2-1/2

[Event "West Wales Major"]
[Site "Pontlliw"]
[Date "2025.11.15"]
[Round "3.7"]
[White "Whitehouse, Evan"]
[Black "Roberts, Jamie"]
[Result "0-1"]
[WhiteElo "1760"]
[BlackElo "1751"]
[WhiteFideId "-1"]
[BlackFideId "-1"]
[PlyCount "144"]
[GameId "2257192331338724"]
[EventDate "2025.11.14"]
[EventType "swiss"]
[EventRounds "5"]
[EventCountry "WLS"]

1. e4 c5 2. a3 e6 3. b4 cxb4 4. axb4 Bxb4 5. c3 Be7 6. d4 Nf6 7. Bd3 d6 8. Nf3 Nc6 9. h4 h6 10. Nbd2 Qc7 11. Rg1 e5 12. d5 Nb8 13. c4 Na6 14. Nb3 Nb4 15. Ba3 Nxd3+ 16. Qxd3 Nd7 17. Rd1 b6 18. g4 Ba6 19. Nbd2 Rc8 20. Rc1 Nc5 21. Bxc5 Qxc5 22. Qe3 Qxe3+ 23. fxe3 Rc7 24. Kf2 O-O 25. Ra1 Bc8 26. Ra2 Bd7 27. Rga1 Ra8 28. g5 Bg4 29. Rg1 Bxf3 30. Kxf3 hxg5 31. hxg5 g6 32. Kg4 Kg7 33. Rb1 Rh8 34. Rba1 Ra8 35. Ra6 Rb7 36. Rb1 Bd8 37. Ra2 Rc8 38. Rba1 a5 39. Rb1 Re7 40. Rf1 Re8 41. Rh1 Rh8 42. Rxh8 Kxh8 43. Ra4 Kg7 44. Ra2 Rc5 45. Ra4 b5 46. cxb5 Rxb5 47. Nc4 Bc7 48. Kf3 f6 49. gxf6+ Kxf6 50. Kg4 Rb4 51. Rxb4 axb4 52. Nd2 Bb6 53. Nb3 Bxe3 54. Kf3 Bb6 55. Kg4 Bd4 56. Na5 Bc5 57. Nb3 Be3 58. Na5 Bh6 59. Nb3 Ke7 60. Kf3 Kd7 61. Ke2 Bf4 62. Kd3 Bg3 63. Nd2 Be1 64. Nf3 Bf2 65. Kc4 Bc5 66. Kd3 Ke7 67. Nd2 Kf6 68. Ke2 Kg5 69. Nb3 Bb6 70. Kf3 Kh4 71. Nd2 Kh3 72. Nf1 b3 0-1

[Event "West Wales Major"]
[Site "Pontlliw"]
[Date "2025.11.15"]
[Round "3.8"]
[White "Archibald, McKenzie"]
[Black "Williams, Steve"]
[Result "0-1"]
[WhiteElo "1729"]
[BlackElo "1663"]
[BlackFideId "-1"]
[PlyCount "38"]
[GameId "2257194165978093"]
[EventDate "2025.11.14"]
[EventType "swiss"]
[EventRounds "5"]
[EventCountry "WLS"]

1. d4 Nf6 2. c4 c5 3. d5 b5 4. cxb5 a6 5. Nc3 axb5 6. Nxb5 d6 7. Nc3 Ba6 8. e4 Bxf1 9. Kxf1 g6 10. g3 Bg7 11. Kg2 O-O 12. Nge2 Nbd7 13. Rb1 Qa5 14. b3 Rfb8 15. Bd2 Qa6 16. Re1 Ne5 17. Qc2 Nd3 18. Red1 Nb4 19. Qb2 Nxe4 0-1

[Event "West Wales Major"]
[Site "Pontlliw"]
[Date "2025.11.15"]
[Round "3.9"]
[White "Ferguson, Ewan"]
[Black "Nasir, Farouq"]
[Result "0-1"]
[WhiteElo "1832"]
[BlackElo "1523"]
[WhiteFideId "-1"]
[BlackFideId "-1"]
[PlyCount "66"]
[GameId "2257194721686521"]
[EventDate "2025.11.14"]
[EventType "swiss"]
[EventRounds "5"]
[EventCountry "WLS"]

1. e4 e5 2. Nc3 Nf6 3. f4 d6 4. Nf3 Nc6 5. Bc4 h6 6. d3 exf4 7. Bxf4 g5 8. Bc1 Bg7 9. O-O O-O 10. Qe1 Ng4 11. h3 Nge5 12. Bb3 Nxf3+ 13. Rxf3 Nd4 14. Rf2 Nxb3 15. axb3 Be6 16. Be3 Qd7 17. Qe2 a6 18. Raf1 Rae8 19. Qh5 d5 20. d4 dxe4 21. Nxe4 f5 22. Nc5 Qc6 23. c4 Bf7 24. Qf3 Qxf3 25. Rxf3 Rxe3 26. Rxf5 Bxd4 27. Kh1 Bxc5 28. Rxc5 Rxb3 29. Rxc7 Rxb2 30. Ra1 Bg6 31. Kh2 Be4 32. Re1 Rxg2+ 33. Kh1 Re2+ 0-1

[Event "West Wales Major"]
[Site "Pontlliw"]
[Date "2025.11.15"]
[Round "3.10"]
[White "Jones, Martin C"]
[Black "Stannard, Mike"]
[Result "1/2-1/2"]
[WhiteElo "1783"]
[BlackElo "1528"]
[WhiteFideId "-1"]
[BlackFideId "-1"]
[PlyCount "34"]
[GameId "2257195959075852"]
[EventDate "2025.11.14"]
[EventType "swiss"]
[EventRounds "5"]
[EventCountry "WLS"]

1. d4 Nf6 2. c4 g6 3. Nc3 Bg7 4. e4 d6 5. Be2 O-O 6. h4 e5 7. d5 Nbd7 8. h5 b6 9. hxg6 fxg6 10. Bh6 Nc5 11. Qc2 Rf7 12. Bg5 a5 13. Nf3 Qf8 14. O-O Bg4 15. b3 Nh5 16. Nd2 Bxe2 17. Nxe2 Bh6 1/2-1/2

[Event "West Wales Major"]
[Site "Pontlliw"]
[Date "2025.11.15"]
[Round "3.12"]
[White "Goodchild, Tony"]
[Black "Probert, Malcolm"]
[Result "1/2-1/2"]
[WhiteElo "1521"]
[BlackElo "1665"]
[WhiteFideId "-1"]
[PlyCount "55"]
[GameId "2257197408863275"]
[EventDate "2025.11.14"]
[EventType "swiss"]
[EventRounds "5"]
[EventCountry "WLS"]

1. d4 d5 2. Nf3 Nf6 3. c4 g6 4. Nc3 Bg7 5. Qc2 c6 6. e4 dxe4 7. Nxe4 Nxe4 8. Qxe4 Bf5 9. Qe3 Nd7 10. Bd3 Bxd3 11. Qxd3 Qc7 12. Be3 Rd8 13. Rd1 e5 14. d5 cxd5 15. Qxd5 O-O 16. b3 b6 17. Qd6 Qc8 18. O-O Nc5 19. Qe7 Rfe8 20. Rxd8 Qxd8 21. Qh4 Qxh4 22. Nxh4 e4 23. g4 Rd8 24. Ng2 Rd7 25. Nf4 Bh6 26. Nd5 Bg7 27. Rd1 Kf8 28. h3 1/2-1/2

[Event "West Wales Major"]
[Site "Pontlliw"]
[Date "2025.11.16"]
[Round "4.1"]
[White "Bevan, Peter M"]
[Black "Zheng, Lucas"]
[Result "1-0"]
[Annotator "Home"]
[WhiteElo "1891"]
[BlackElo "1663"]
[BlackFideId "-1"]
[PlyCount "107"]
[GameId "2257243227799608"]
[EventDate "2025.11.14"]
[EventType "swiss"]
[EventRounds "5"]
[EventCountry "WLS"]

{[%evp 0,89,12,26,20,7,13,7,6,-2,-22,-3,3,0,25,18,37,24,31,-2,43,38,39,17,42,37,64,-34,145,121,222,112,167,80,204,-45,180,198,127,162,173,65,295,24,244,148,259,304,72,129,-51,120,222,1,206,179,1,179,291,229,245,238,280,-1,247,35,337,295,417,435,152,420,419,161,290,363,341,319,79,319,405,260,430,263,458,416,669,668,910,1121,1980,983]} 1. d4 Nf6 2. Bf4 e6 3. e3 d5 4. Bd3 c5 5. c3 Nc6 6. Nf3 cxd4 7. exd4 Bd6 8. Bg3 O-O 9. Nbd2 b6 10. Ne5 Qc7 11. f4 Bb7 12. O-O Rad8 13. Qf3 Rfe8 14. Rae1 Bc8 15. Bh4 Be7 16. Qh3 h6 17. g4 Nxe5 18. fxe5 Nh7 19. Bxh7+ Kxh7 20. Rxf7 Kg8 21. Ref1 Ba6 22. R1f2 Rd7 23. Bxe7 Rdxe7 24. Rxe7 Qxe7 25. Qf3 Kh8 26. Qf7 Qd8 27. Nf1 Bd3 28. Ng3 a5 29. Nh5 Rg8 30. Nf4 Be4 31. Nxe6 Qh4 32. Qf4 Qe7 33. Nf8 Qh4 34. Qxe4 Qxf2+ 35. Kxf2 dxe4 36. Ng6+ Kh7 37. Nf4 Rf8 38. Ke3 g5 39. Nh5 Kg6 40. Nf6 Rf7 41. Kxe4 b5 42. d5 Rc7 43. d6 Rc4+ 44. Kd5 Kf7 45. h3 Ra4 46. a3 b4 47. axb4 axb4 48. Ne4 bxc3 49. bxc3 Ra5+ 50. Nc5 Ke8 51. e6 Ra1 52. Kc6 Rc1 53. d7+ Ke7 54. Kc7 1-0

[Event "West Wales Major"]
[Site "Pontlliw"]
[Date "2025.11.16"]
[Round "4.2"]
[White "Heatman, Jordan"]
[Black "Tuson, Jon"]
[Result "0-1"]
[WhiteElo "1789"]
[BlackElo "1782"]
[WhiteFideId "-1"]
[BlackFideId "-1"]
[PlyCount "49"]
[GameId "2257243276714047"]
[EventDate "2025.11.14"]
[EventType "swiss"]
[EventRounds "5"]
[EventCountry "WLS"]

1. e4 d6 2. d4 Nf6 3. Bd3 e5 4. f4 exd4 5. Nf3 c5 6. c3 dxc3 7. Nxc3 Nc6 8. e5 dxe5 9. fxe5 Nd5 10. O-O Nxc3 11. bxc3 Be7 12. Qc2 Be6 13. Rb1 Qc7 14. Bf4 h6 15. Rfe1 O-O 16. Kh1 b6 17. Re3 Rad8 18. Rbe1 c4 19. Be4 Bc5 20. Nd4 Nxd4 21. cxd4 Rxd4 22. Rg3 Rfd8 23. Bxh6 Bf8 24. Qe2 Qd7 25. Qh5 0-1

[Event "West Wales Major"]
[Site "Pontlliw"]
[Date "2025.11.16"]
[Round "4.4"]
[White "Roberts, Jamie"]
[Black "Philpin, Les"]
[Result "1-0"]
[Annotator "Home"]
[WhiteElo "1751"]
[BlackElo "1831"]
[WhiteFideId "-1"]
[PlyCount "41"]
[GameId "2257245118435410"]
[EventDate "2025.11.14"]
[EventType "swiss"]
[EventRounds "5"]
[EventCountry "WLS"]

{[%evp 0,41,16,26,32,21,-2,16,119,51,41,40,39,48,58,48,58,36,37,59,69,29,19,43,42,154,88,273,89,73,120,72,5,78,95,102,38,119,227,152,256,262,309,83]} 1. e4 e6 2. d4 d5 3. exd5 Qxd5 4. Nf3 Nf6 5. c4 Qd8 6. Nc3 Be7 7. Be2 b6 8. h3 Bb7 9. O-O c5 10. Be3 O-O 11. dxc5 Bxc5 12. Bxc5 Qxd1 13. Rfxd1 bxc5 14. Ne5 Na6 15. Bf3 Bxf3 16. Nxf3 Rfd8 17. a3 Kf8 18. Nb5 Ke7 19. Ne5 Rxd1+ 20. Rxd1 Ke8 21. Rd6 1-0

[Event "West Wales Major"]
[Site "Pontlliw"]
[Date "2025.11.16"]
[Round "4.5"]
[White "Nasir, Farouq"]
[Black "Smith, Andrew R"]
[Result "1-0"]
[WhiteElo "1529"]
[BlackElo "1777"]
[WhiteFideId "-1"]
[BlackFideId "-1"]
[PlyCount "59"]
[GameId "2257246111850680"]
[EventDate "2025.11.14"]
[EventType "swiss"]
[EventRounds "5"]
[EventCountry "WLS"]

1. e4 e5 2. Nf3 Nc6 3. Bc4 Bc5 4. c3 Nf6 5. d3 h6 6. O-O O-O 7. b4 Bd6 8. Nh4 Kh7 9. Nf5 Ne7 10. Nxd6 cxd6 11. f4 b5 12. Bb3 Bb7 13. Be3 Qc7 14. fxe5 dxe5 15. Rxf6 gxf6 16. Qh5 d5 17. Bxh6 Kg8 18. exd5 Qb6+ 19. Kh1 Qf2 20. Nd2 Qf5 21. Qxf5 Nxf5 22. Bxf8 Rxf8 23. Ne4 Kg7 24. Rf1 Ne3 25. Rf3 Nxd5 26. Rg3+ Kh6 27. Nd6 Bc6 28. d4 exd4 29. Nf5+ Kh5 30. Bd1# 1-0

[Event "West Wales Major"]
[Site "Pontlliw"]
[Date "2025.11.16"]
[Round "4.6"]
[White "Heady, Kevin"]
[Black "Anandkumar, Govind"]
[Result "0-1"]
[WhiteElo "1756"]
[BlackElo "1723"]
[WhiteFideId "-1"]
[BlackFideId "-1"]
[PlyCount "82"]
[GameId "2257246997475521"]
[EventDate "2025.11.14"]
[EventType "swiss"]
[EventRounds "5"]
[EventCountry "WLS"]

1. e4 e6 2. d4 d5 3. exd5 exd5 4. Nf3 Nf6 5. Bg5 Be6 6. Nc3 h6 7. Bh4 Be7 8. Bd3 O-O 9. h3 c5 10. dxc5 Bxc5 11. O-O Nc6 12. a3 Be7 13. Qe1 Qd7 14. Bg3 Rfe8 15. Kh2 Bd6 16. Qd2 Nh5 17. Bxd6 Qxd6+ 18. g3 Qd7 19. Ng1 a6 20. Rad1 Rad8 21. Be2 Nf6 22. Bf3 Ne5 23. Bg2 Nc4 24. Qc1 Qc6 25. Rd4 Nd6 26. Rfd1 Nf5 27. R4d3 Qc5 28. Qd2 Ne7 29. Ne4 Nxe4 30. Bxe4 Qc4 31. Rd4 Qc7 32. Bg2 Nf5 33. Rd3 Ne7 34. Ne2 Bf5 35. Rc3 Qd6 36. Nd4 Be6 37. Rb3 Qc7 38. Re3 Nc6 39. c3 Ne5 40. Re2 Nc4 41. Rde1 Nxd2 0-1

[Event "West Wales Major"]
[Site "Pontlliw"]
[Date "2025.11.16"]
[Round "4.7"]
[White "Thomas, Kevin"]
[Black "George, Naveen Daniel"]
[Result "1-0"]
[WhiteElo "1743"]
[BlackElo "1650"]
[WhiteFideId "-1"]
[BlackFideId "-1"]
[PlyCount "97"]
[GameId "2257248063787210"]
[EventDate "2025.11.14"]
[EventType "swiss"]
[EventRounds "5"]
[EventCountry "WLS"]

1. e4 c5 2. d4 cxd4 3. c3 Nf6 4. e5 Nd5 5. Bc4 Nb6 6. Bb3 Nc6 7. Nf3 d6 8. exd6 e6 9. cxd4 Bxd6 10. Nc3 O-O 11. O-O Bc7 12. Re1 Nb4 13. Be3 a6 14. Rc1 Bd7 15. Bg5 f6 16. Bh4 N4d5 17. Ne4 Re8 18. Nc5 Rb8 19. Bg3 Bxg3 20. hxg3 Nc7 21. Qd3 Nbd5 22. Bc2 g6 23. Bb1 Bb5 24. Qd2 b6 25. Ne4 Rc8 26. Qh6 Qe7 27. a3 Bd7 28. Ba2 f5 29. Nc3 Qg7 30. Qd2 Nf6 31. Ne5 Ncd5 32. f3 h5 33. Qg5 Kh7 34. Kf2 Nxc3 35. bxc3 Rc7 36. Nxd7 Rxd7 37. Rxe6 Rxe6 38. Bxe6 Rd6 39. Bc4 b5 40. Ba2 Qe7 41. Qd2 Nd7 42. Re1 Qd8 43. Qe3 Qc7 44. Qe7+ Kh6 45. Re3 Qc6 46. Qe8 Nf6 47. Qh8+ Kg5 48. Bb3 Nd5 49. f4+ 1-0

[Event "West Wales Major"]
[Site "Pontlliw"]
[Date "2025.11.16"]
[Round "4.8"]
[White "Williams, Steve"]
[Black "Jones, Martin C"]
[Result "0-1"]
[WhiteElo "1663"]
[BlackElo "1783"]
[WhiteFideId "-1"]
[BlackFideId "-1"]
[PlyCount "124"]
[GameId "2257249363620071"]
[EventDate "2025.11.14"]
[EventType "swiss"]
[EventRounds "5"]
[EventCountry "WLS"]

1. e4 c5 2. Nc3 Nc6 3. Bb5 Nd4 4. Nf3 Nxb5 5. Nxb5 d6 6. O-O Nf6 7. Re1 a6 8. Nc3 e5 9. a4 b6 10. d3 h6 11. h3 Be7 12. Nd2 O-O 13. Nc4 Bd7 14. Nd5 Nxd5 15. exd5 Qc7 16. Qf3 b5 17. axb5 axb5 18. Rxa8 Rxa8 19. Ne3 Ra1 20. c4 Bg5 21. Bd2 Qa7 22. Qe2 Qa2 23. Rxa1 Qxa1+ 24. Nd1 Bxd2 25. Qxd2 bxc4 26. Kh2 cxd3 27. Qxd3 Qa4 28. Qd2 f5 29. Nc3 Qd4 30. Qe2 c4 31. g3 Be8 32. Qc2 e4 33. Kg2 Qd3 34. Qd1 Kf7 35. Qh5+ g6 36. Qxh6 Qf3+ 37. Kg1 Qh5 38. Qf4 Ke7 39. h4 Bf7 40. Qe3 Qh8 41. Qa7+ Kf8 42. Qb8+ Kg7 43. Qxd6 Qe8 44. Qc5 Qe5 45. Qxc4 e3 46. Qe2 exf2+ 47. Kxf2 Qd6 48. Qe3 Qb4 49. Qe5+ Kg8 50. Nd1 Qd2+ 51. Qe2 Qxd5 52. Ne3 Qd6 53. Qd1 Qb8 54. Qd4 Qb3 55. Qc3 Qb8 56. Qd4 Qb3 57. Kf3 Qa2 58. Kf4 Qb3 59. Kg5 Qb8 60. Nf1 f4 61. gxf4 Qb5+ 62. Kh6 Qh5# 0-1

[Event "West Wales Major"]
[Site "Pontlliw"]
[Date "2025.11.16"]
[Round "4.10"]
[White "Whitehouse, Evan"]
[Black "Stannard, Mike"]
[Result "1-0"]
[Annotator "Home"]
[WhiteElo "1760"]
[BlackElo "1528"]
[WhiteFideId "-1"]
[BlackFideId "-1"]
[PlyCount "47"]
[GameId "2257250791481604"]
[EventDate "2025.11.14"]
[EventType "swiss"]
[EventRounds "5"]
[EventCountry "WLS"]

{[%evp 0,47,22,26,23,17,30,6,-38,28,45,55,28,28,300,304,299,310,305,272,289,282,321,284,277,300,301,290,324,203,107,249,225,153,64,197,204,184,255,338,406,321,644,584,618,614,1403,1344,1311,1521]} 1. e4 c6 2. d4 d5 3. f3 e5 4. dxe5 Bc5 5. Nc3 Qb6 6. Na4 Qb4+ 7. c3 Qa5 8. b4 Bxb4 9. cxb4 Qxb4+ 10. Bd2 Qd4 11. Bc3 Qe3+ 12. Qe2 Qg5 13. Qd2 Qe7 14. exd5 Qh4+ 15. g3 Qxa4 16. Qg5 Qc2 17. Ne2 Qg6 18. Qd2 cxd5 19. Nf4 Qc6 20. Nxd5 Be6 21. Bb5 Bxd5 22. Qxd5 Qxb5 23. Qxb5+ Nd7 24. O-O-O 1-0

[Event "West Wales Major"]
[Site "Pontlliw"]
[Date "2025.11.16"]
[Round "4.11"]
[White "Probert, Malcolm"]
[Black "Ferguson, Ewan"]
[Result "0-1"]
[WhiteElo "1665"]
[BlackElo "1832"]
[BlackFideId "-1"]
[PlyCount "50"]
[GameId "2257251672871218"]
[EventDate "2025.11.14"]
[EventType "swiss"]
[EventRounds "5"]
[EventCountry "WLS"]

1. Nf3 f5 2. d4 Nf6 3. g3 e6 4. Bg2 Be7 5. O-O O-O 6. Nbd2 d6 7. Re1 Qe8 8. e4 Nc6 9. c3 fxe4 10. Nxe4 Nxe4 11. Rxe4 Qg6 12. Re2 Bd7 13. a4 Kh8 14. b4 Rae8 15. Bf4 Rf7 16. Qd2 Bf6 17. Bg5 Bc8 18. Bxf6 Rxf6 19. Nh4 Qf7 20. f4 Ne7 21. Rae1 c6 22. Bh3 Ng6 23. Nxg6+ Qxg6 24. f5 Qh5 25. Kg2 Rh6 0-1

[Event "West Wales Major"]
[Site "Pontlliw"]
[Date "2025.11.16"]
[Round "5.1"]
[White "Griffiths, Hywel"]
[Black "Bevan, Peter M"]
[Result "1-0"]
[Annotator "Home"]
[WhiteElo "1787"]
[BlackElo "1891"]
[WhiteFideId "-1"]
[BlackFideId "-1"]
[PlyCount "151"]
[GameId "2257253729702212"]
[EventDate "2025.11.14"]
[EventType "swiss"]
[EventRounds "5"]
[EventCountry "WLS"]

{[%evp 0,34,12,35,38,18,25,26,48,61,-45,25,31,34,46,47,58,41,71,83,69,54,89,4,1,-370,-8,-20,198,46,227,271,236,255,199,163,211]} 1. e4 d6 2. d4 Nf6 3. Nc3 c6 4. f4 Qa5 5. Bd3 e5 6. Nf3 Nbd7 7. O-O Be7 8. Ne2 O-O 9. c3 Re8 10. Ng3 Bf8 11. fxe5 dxe5 12. Bc4 h6 13. Qb3 Re7 14. Nf5 Nxe4 15. Nxe7+ Bxe7 16. Bxf7+ Kh8 17. Qe6 Qd8 18. Bxh6 Bf6 19. Qh3 Nf8 20. Qh5 gxh6 21. Qxh6+ Nh7 22. Bg6 Qe7 23. Nxe5 Neg5 24. Rxf6 Qxf6 25. Rf1 Qg7 26. Qxg7+ Kxg7 27. h4 Nf8 28. Bd3 Ngh7 29. Rf7+ Kg8 30. Bc4 Kh8 31. Re7 Nf6 32. Nf7+ Kg7 33. h5 Nd5 34. Bxd5 cxd5 35. h6+ Kf6 36. Rc7 Be6 37. Ne5 Ng6 38. Nxg6 Kxg6 39. Rxb7 Kxh6 40. Rc7 Kg6 41. Kf2 Rf8+ 42. Ke3 Rf7 43. Rc6 Kf6 44. c4 Rd7 45. c5 Rg7 46. Kf3 Rb7 47. b3 Ke7 48. Kf4 Kf7 49. g4 Rb4 50. Ke5 Bd7 51. Rc7 Ke8 52. Rxa7 Bxg4 53. Kxd5 Bf3+ 54. Ke5 Rb5 55. Ke6 Bg4+ 56. Kd6 Bf3 57. Re7+ Kd8 58. Re3 Bg2 59. a4 Ra5 60. Rg3 Ra6+ 61. Ke5 Bh1 62. d5 Ra5 63. Kd6 Ra6+ 64. c6 Ke8 65. Rg8+ Kf7 66. Rg1 Be4 67. Rc1 Ra5 68. Rc5 Ra8 69. c7 Bf5 70. Kc6 Bc8 71. Rb5 Ke8 72. Rb8 Ra6+ 73. Kb5 Kd7 74. Rxc8 Kxc8 75. Kxa6 Kxc7 76. Ka7 1-0

[Event "West Wales Major"]
[Site "Pontlliw"]
[Date "2025.11.16"]
[Round "5.3"]
[White "Heatman, Jordan"]
[Black "Roberts, Jamie"]
[Result "1-0"]
[Annotator "Home"]
[WhiteElo "1789"]
[BlackElo "1751"]
[WhiteFideId "-1"]
[BlackFideId "-1"]
[PlyCount "53"]
[GameId "2257259006980518"]
[EventDate "2025.11.14"]
[EventType "swiss"]
[EventRounds "5"]
[EventCountry "WLS"]

{[%evp 0,53,22,28,20,82,35,11,16,28,30,10,32,2,-6,7,-7,-16,8,4,12,19,48,58,-9,77,110,99,99,103,52,-25,-22,-25,12,-1,38,4,100,-1,-2,110,-1,1,25,-41,827,932,1004,572,517,613,605,624,619,485]} 1. e4 c5 2. Nf3 e6 3. d4 cxd4 4. Nxd4 Nf6 5. Nc3 Nc6 6. Be3 Bb4 7. Bd3 d5 8. O-O e5 9. Nxc6 bxc6 10. exd5 Bxc3 11. bxc3 cxd5 12. Bc5 Be6 13. Re1 Nd7 14. Bb5 Qc7 15. Bxd7+ Kxd7 16. Ba3 Qxc3 17. Re3 Qc7 18. Qe2 f6 19. Qb5+ Qc6 20. Qb4 Rhe8 21. Rc3 Qa6 22. Rd1 Rab8 23. Qc5 Bg8 24. Qc7+ Ke6 25. Rc6+ Qxc6 26. Qxc6+ Kf5 27. g4+ 1-0

[Event "West Wales Major"]
[Site "Pontlliw"]
[Date "2025.11.16"]
[Round "5.4"]
[White "Anandkumar, Govind"]
[Black "Thomas, Kevin"]
[Result "1-0"]
[Annotator "Home"]
[WhiteElo "1723"]
[BlackElo "1743"]
[WhiteFideId "-1"]
[BlackFideId "-1"]
[PlyCount "37"]
[GameId "2257259883758016"]
[EventDate "2025.11.14"]
[EventType "swiss"]
[EventRounds "5"]
[EventCountry "WLS"]

{[%evp 0,37,12,26,40,-18,37,33,14,28,38,20,0,-11,-37,-51,-48,-23,-26,1,-62,-70,0,-64,-29,-56,-16,-11,0,-5,9,-1,25,29,61,-63,140,142,1042,986]} 1. e4 d6 2. d4 g6 3. f4 Bg7 4. Nf3 c5 5. Be3 cxd4 6. Bxd4 Nf6 7. Nc3 Nc6 8. Be3 O-O 9. Bc4 Ng4 10. Qd2 Qa5 11. O-O Bxc3 12. bxc3 Nxe3 13. Qxe3 Qc7 14. Rab1 b6 15. f5 Kg7 16. Bd5 Ba6 17. Nd4 Bb7 18. fxg6 hxg6 19. Rxf7+ 1-0

[Event "West Wales Major"]
[Site "Pontlliw"]
[Date "2025.11.16"]
[Round "5.5"]
[White "Zheng, Lucas"]
[Black "Nasir, Farouq"]
[Result "0-1"]
[WhiteElo "1663"]
[BlackElo "1529"]
[WhiteFideId "-1"]
[BlackFideId "-1"]
[PlyCount "48"]
[GameId "2257260512911835"]
[EventDate "2025.11.14"]
[EventType "swiss"]
[EventRounds "5"]
[EventCountry "WLS"]

1. e4 e5 2. Nf3 Nc6 3. d4 exd4 4. Bc4 d6 5. O-O Nf6 6. Bf4 Bg4 7. Qd3 Bxf3 8. Qxf3 Ne5 9. Bxe5 dxe5 10. Qb3 Qd7 11. Qxb7 Rc8 12. Ba6 Kd8 13. Qxa7 Nxe4 14. Bxc8 Qxc8 15. c3 Bc5 16. Qa4 Ke7 17. Qc6 Qf5 18. Qxc7+ Kf6 19. b4 Rc8 20. Qb7 Bd6 21. cxd4 Kg6 22. Qb6 Rc2 23. f3 Qg5 24. Nd2 Qxd2 0-1